|
|
|
|
| LEADER |
00000cam a2200000 7i4500 |
| 001 |
0000123701 |
| 005 |
20080724.0 |
| 090 |
0 |
0 |
|a F
|b ENC
|
| 100 |
1 |
|
|a Lima, Kevin
|
| 245 |
1 |
4 |
|a Enchanted [
|h video compact disc]
|c Kevin Lima
|
| 260 |
|
|
|a s.l :
|b Walt Disney Pictures ,
|c 20-
|
| 300 |
|
|
|a 2 Video compact disc (105 minutes) :
|b col
|
| 500 |
|
|
|a Library has 2 copies
|
| 520 |
0 |
|
|a General viewing for all ages (U)
|
| 650 |
0 |
0 |
|a Movies, English
|
| 999 |
|
|
|a AV 20897
|b VIDEO COMPACT DISC
|c PINJAMAN
|e PERPUSTAKAAN KOMUNITI PETALING JAYA
|
| 999 |
|
|
|a AV 20898
|b VIDEO COMPACT DISC
|c PINJAMAN
|e PERPUSTAKAAN KOMUNITI PETALING JAYA
|